000
00238nam a22001217a 4500
003
SGT
082
_b
GUR
100
_a
GURTU, J.N.
245
_a
GREEN CHEMISTRY
260
_b
PRAGATI PRAKASHAN
_c
2017
300
_a
184
942
_2
ddc
_c
BK
_0
1
999
_c
15710
_d
15710